|
|
|
|
| LEADER |
00895nam a2200229 a 4500 |
| 001 |
148021 |
| 008 |
090602s1988 txua 001 0 eng d |
| 010 |
|
|
|a 87071554
|
| 020 |
|
|
|a 0256058334
|
| 040 |
|
|
|a DLC
|c DLC
|d DLC
|
| 082 |
0 |
4 |
|a 658.1/511
|2 19
|
| 100 |
1 |
|
|a Garrison, Ray H.
|
| 245 |
1 |
0 |
|a Managerial accounting :
|b concepts for palnning, control, decision making /
|c Ray H. Garrison.
|
| 250 |
|
|
|a 5th ed.
|
| 260 |
|
|
|a Plano, Tex.,
|a Boston :
|b Business Publications,
|b Homewood,
|c 1998.
|
| 300 |
|
|
|a xxii, 885 p. :
|b ill. ;
|c 24 cm.
|
| 504 |
|
|
|a Includes index
|
| 541 |
1 |
|
|e 00004891
|
| 650 |
|
0 |
|a Managerial accounting
|
| 852 |
4 |
|
|a Ayesha Abed Library
|j General Shelf
|
| 999 |
|
|
|c 1902
|d 1902
|
| 952 |
|
|
|0 0
|1 0
|2 ddc
|4 0
|6 658_151100000000000_GAR_1998
|7 0
|9 8021
|a BRACUL
|b BRACUL
|c GEN
|d 2010-02-11
|g 0.00
|l 13
|m 80
|o 658.1511 GAR
|p 3010004891
|r 2023-05-10
|s 2023-02-14
|t 1
|w 2010-02-11
|y BK
|z Not price in Register
|